|
|
|
|
| LEADER |
00000nab a2200000 a 4500 |
| 001 |
vtls000485064 |
| 003 |
SK-MaSNL |
| 005 |
20260319074249.0 |
| 008 |
160202c1993 xo 0 hun |
| 015 |
|
|
|a SNBRB19rr/mm-uuuuu
|
| 035 |
|
|
|a CL0485200
|
| 040 |
|
|
|a SNKBUCL
|b slo
|c SNKBUCL
|e AACR2
|
| 041 |
0 |
|
|a hun
|
| 044 |
|
|
|a xo
|c SK
|
| 080 |
|
|
|a 257:284.2
|2 1981
|
| 080 |
|
|
|a 284.2
|2 1981
|
| 100 |
1 |
|
|a Csoma, László
|4 aut
|9 841909
|
| 245 |
1 |
0 |
|a Újra kell építeni a bizalmat
|c László Csoma, Eleonóra Sándor
|
| 300 |
|
|
|b Fotogr. 1
|
| 650 |
0 |
7 |
|a Študijné centrum reformovanej cirkvy, Drahňov
|2 snkbucl
|9 985652
|
| 651 |
|
7 |
|a 5412
|2 snkbucl
|9 444441
|
| 655 |
|
7 |
|a články z novín a časopisov
|2 snkbucl
|9 267496
|
| 700 |
1 |
|
|a Sándor, Eleonóra
|4 aut
|9 480309
|
| 773 |
0 |
|
|t Nap
|g Roč. 5, č. 17 (1993), s. 8
|
| 850 |
|
|
|a Slovenská národná knižnica v Martine
|a DSG001
|
| 852 |
|
|
|a SNK
|b KIS3GCP
|
| 958 |
|
|
|a RK
|
| 958 |
|
|
|a HU
|
| 992 |
|
|
|a RBX
|
| 999 |
|
|
|c 1582821
|d 1584751
|